00627nam a2200217 a 450000100060000000300080000600500170001400800390003103500190007003500190008904000270010804100080013508200200014310000330016324500500019626000550024630000210030150400310032265000340035370000220038720636BD-RjUL20211209000606.0140301r19791977enkah b 000 1 eng a(BD-RjUL)20698 a(OCoLC)1909133 aDLCcAMHdBD-RjULbeng aeng00a823.5bFIJ 19791 aFielding, Henry,d1707-1754.10aJoseph Andrews /cedited by R. F. Brissenden. aHarmondsworth :bPenguin,cc1977 [Reprinted 1979]. a343 p. ;c18 cm. aBibliographical footnotes. 0aHousehold employeesvFiction.1 aBrissenden, R. F.